| 000 | 00000nam 2200000zi 4500 |
| 001 | 9.909081 |
| 003 | CaOODSP |
| 005 | 20221107181824 |
| 006 | m o d f |
| 007 | cr cn||||||||| |
| 008 | 220314e20220311oncd ob f000 0 eng d |
| 040 | |aCaOODSP|beng|erda|cCaOODSP |
| 043 | |an-cn--- |
| 086 | 1 |aYN5-244/2022E-PDF |
| 245 | 00|aPlanned capital spending under Strong, Secure, Engaged - Canada's defence policy : |b2022 update. |
| 264 | 1|a[Ottawa] : |bOffice of the Parliamentary Budget Officer = Bureau du directeur parlementaire du budget, |cMarch 11, 2022. |
| 264 | 4|c©2022 |
| 300 | |a1 online resource (9 pages) : |bgraphs |
| 336 | |atext|btxt|2rdacontent |
| 337 | |acomputer|bc|2rdamedia |
| 338 | |aonline resource|bcr|2rdacarrier |
| 500 | |aIssued also in French under title: Dépenses en capital prévues au titre de la politique de défense du Canada Protection, Sécurité, Engagement : mise à jour de 2022. |
| 500 | |a"RP-2122-033-S_e." |
| 500 | |aCover title. |
| 504 | |aIncludes bibliographical references (page 9). |
| 520 | |a"This report analyses Department of Defence planned capital spending under Strong, Secure, Engaged, announced in 2017, as of 2022." |
| 610 | 10|aCanada. |bDepartment of National Defence|xAppropriations and expenditures. |
| 710 | 1 |aCanada. |bOffice of the Parliamentary Budget Officer, |eissuing body. |
| 775 | 08|tDépenses en capital prévues au titre de la politique de défense du Canada Protection, Sécurité, Engagement : |w(CaOODSP)9.909083 |
| 856 | 40|qPDF|s356 KB|uhttps://publications.gc.ca/collections/collection_2022/dpb-pbo/YN5-244-2022-eng.pdf |